000 00297nmm a2200097Ia 4500
008 220120s9999||||xx |||||||||||||||||und||
020 _a0-07-058494-X
100 _aDigit
245 0 _aMarch 2011 : Shiva 3d suite, audio books distro of the month
260 _aNine dot nine interactive ltd.
_bNew Delhi
999 _c139659
_d139659